Pamjati profesora Ivana Bajcury

Bibliographic Details
Main Authors: Uramová, Angelina, 1936- (Author), Uram, Pavel, 1932-1987 (Author)
Format: Article
Language:Slovak
Ukrainian
PhysicalDescription:Obr.
Subjects:

MARC

LEADER 00000nab a2200000 a 4500
001 vtls000280201
003 SK-MaSNL
005 20260304064206.0
008 250422c1987 xo 0 slo
015 |a SNBRB19rr/mm-uuuuu 
035 |a CL0290319 
035 |a urn:nbn:sk:snk-abbh06 
035 |a (urnnbn)urn:nbn:sk:snk:ar-000tee 
035 |a (uuid)405ffc48-36fc-4cdd-851d-1e2a6c4a1001 
040 |a SNKBUCL  |b slo  |c SNKBUCL  |e AACR2 
041 0 |a ukr 
044 |a xo  |c SK 
080 |a 37-051  |2 1981 
080 |a 929 Bajcura, Ivan  |2 1981 
100 1 |a Uramová, Angelina,  |d 1936-  |4 aut  |9 7818 
245 1 0 |a Pamjati profesora Ivana Bajcury  |c Angelina Uramová, Pavol Uram 
300 |b Obr. 
600 1 7 |a Bajcura, Ivan,  |d 1930-1986  |2 snkbucl  |9 151672 
655 7 |a články z novín a časopisov  |2 snkbucl  |9 267496 
700 1 |a Uram, Pavel,  |d 1932-1987  |4 aut  |9 38716 
773 0 |t Duklja  |g Roč. 35, č. 2 (1987), s. 64-67 
850 |a Slovenská národná knižnica 
852 |a Slovenská národná knižnica 
958 |a article15 
958 |a BX 
958 |a RK 
958 |a UK 
958 |a OND 
958 |a EUIPO 
992 |a RBX 
999 |c 2745499  |d 2747429